000 00412nam a2200181Ia 4500
001 874
005 20260306140550.0
008 260306t2017||||xx |||||||||||||| ||spa||
041 _aESP
082 _a170.9
_bM12
100 _aMacIntyre, Alasdair
_eAUT
245 0 _aHistoria de la ética
260 _c2017
300 _a288 páginas :
_c19 cm.
650 _aGEN
654 _aCHU
942 _cLIB
_dJUS
_fJUS
_2ddc
_n
999 _c874
_d874